| Tag |
First Indicator |
Second Indicator |
Subfields |
| LEADER |
00000cam a2200000 4500 |
| 001 |
in00000098820 |
| 005 |
20150926125526.0 |
| 008 |
680301s1968 nyuac 00010 eng |
| 010 |
|
|
|a 68022127
|
| 035 |
|
|
|a (OCoLC)00442293
|
| 035 |
|
|
|9 AAL3496AM
|
| 040 |
|
|
|a DLC
|c DLC
|d TXA
|d UtOrBLW
|
| 049 |
|
|
|a TXAM
|c [916289]
|
| 050 |
0 |
0 |
|a TL789.8.U6
|b G37
|
| 082 |
0 |
|
|a 629.45/4
|
| 100 |
1 |
|
|a Grissom, Virgil I.
|
| 245 |
1 |
0 |
|a Gemini; a personal account of Man's venture into space /
|c [by] Virgil "Gus" Grissom.
|
| 264 |
|
1 |
|a New York :
|b Macmillan,
|c [1968]
|
| 300 |
|
|
|a xi, 212 pages :
|b illustrations, portraits ;
|c 21 cm.
|
| 336 |
|
|
|a text
|b txt
|2 rdacontent
|
| 337 |
|
|
|a unmediated
|b n
|2 rdamedia
|
| 338 |
|
|
|a volume
|b nc
|2 rdacarrier
|
| 610 |
2 |
0 |
|a Project Gemini (U.S.)
|
| 999 |
|
|
|a MARS
|
| 999 |
f |
f |
|s 250b1aa5-09d8-3bd9-b768-4480eaf342ad
|i f4e8632a-8e55-39e8-8b09-943d9eebb0b3
|t 0
|
| 952 |
f |
f |
|p normal
|a Texas A&M University
|b College Station
|c Sterling C. Evans Library
|d Evans: Library Stacks
|t 0
|e TL789.8.U6 G37
|h Library of Congress classification
|i unmediated -- volume
|m A14805556702
|
| 998 |
f |
f |
|a TL789.8.U6 G37
|t 0
|l Evans: Library Stacks
|